All Lego Games - Statistics

General Stats
  • This quiz has been taken 26 times
    13 since last reset
  • The average score is 9 of 110
Answer Stats
Hint Answer % Correct
2005 Lego Star Wars: The Video Game
86%
2013 Lego Marvel Super Heroes
71%
2012 Lego Batman 2: DC Super Heroes
43%
2014 Lego Batman 3: Beyond Gotham
43%
2015 Lego Dimensions
43%
2010 Lego Harry Potter: Years 1–4
43%
2011 Lego Harry Potter: Years 5–7
43%
2017 Lego Marvel Super Heroes 2
43%
2013 Lego City Undercover
29%
2016 Lego Marvel's Avengers
29%
2002 Drome Racers
14%
2002 Island Xtreme Stunts
14%
2023 Lego 2K Drive
14%
2008 Lego Batman: The Videogame
14%
2009 Lego Battles
14%
2022 Lego Bricktales
14%
1998 Lego Creator
14%
2000 Lego Creator: Knights' Kingdom
14%
2018 Lego DC Super-Villains
14%
1999 | 2013 Lego Friends
14%
2009 Lego Indiana Jones 2: The Adventure Continues
14%
2008 Lego Indiana Jones: The Original Adventures
14%
1997 Lego Island
14%
2001 Lego Island 2: The Brickster's Revenge
14%
2004 Lego Knights' Kingdom
14%
1998 Lego Loco
14%
2015 Lego Ninjago: Shadow of Ronin
14%
2025 Lego Party
14%
2011 Lego Pirates of the Caribbean: The Video Game
14%
1999 Lego Racers
14%
2001 Lego Racers 2
14%
2009 Lego Rock Band
14%
1999 Lego Rock Raiders
14%
2011 Lego Star Wars III: The Clone Wars
14%
2016 Lego Star Wars: The Force Awakens
14%
2000 Lego Stunt Rally
14%
2010 Lego Universe
14%
2025 Lego Voyagers
14%
2017 Lego Worlds
14%
2014 The Lego Movie Videogame
14%
2003 Bionicle
0%
2007 Bionicle Challenge
0%
2008 Bionicle Defenders
0%
2006 Bionicle Heroes
0%
2016 Bionicle: Mask of Control
0%
2015 Bionicle: Mask of Creation
0%
2002 Bionicle: Matoran Adventures
0%
2005 Bionicle: Maze of Shadows
0%
2002 Creator: Harry Potter and the Chamber of Secrets
0%
2002 Football Mania
0%
1995 Fun to Build
0%
2002 Galidor: Defenders of the Outer Dimension
0%
2000 Lego Alpha Team
0%
2026 Lego Batman: Legacy of the Dark Knight
0%
2011 Lego Battles: Ninjago
0%
2001 Lego Bionicle: Quest for the Toa
0%
2019 Lego Brawls
0%
2007 Lego Brick Breaker
0%
2006 Lego Bricks
0%
2006 Lego Bricktopia
0%
2006 Lego Builder Bots
0%
2019 Lego Builder's Journey
0%
1998 Lego Chess
0%
2006 Lego Chic Boutique
0%
2014 Lego City My City
0%
2012 Lego City Team Up
0%
2013 Lego City Undercover: The Chase Begins
0%
2001 Lego Creator: Harry Potter
0%
2018 Lego Cube
0%
2011 Lego Duplo Minispiele 2
0%
2012 Lego Duplo Zoo
0%
2007 Lego Escape
0%
2006 Lego Fever
0%
2023 Lego Fortnite
0%
2012 Lego Friends Dress Up
0%
2013 Lego Galaxy Squad Bug Battle
0%
2013 Lego Hero Factory Brain Attack
0%
2024 Lego Hill Climb Adventures
0%
2024 Lego Horizon Adventures
0%
2012 Lego Juniors Create & Cruise
0%
2015 Lego Jurassic World
0%
2000 Legoland
0%
2020 Lego Legacy: Heroes Unboxed
0%
2013 Lego Legends of Chima: Laval's Journey
0%
2013 Lego Legends of Chima Online
0%
2013 Lego Legends of Chima: Speedorz
0%
2015 Lego Legends of Chima: Tribe Fighters
0%
2011 Lego Life of George
0%
2014 Lego Marvel Super Heroes: Universe in Peril
0%
2014 Lego Minifigures Online
0%
2012 Lego Monster Fighters Race
0%
2000 Lego My Style: Kindergarten
0%
2000 Lego My Style: Preschool
0%
2015 Lego Nexo Knights: Merlok 2.0
0%
2014 Lego Ninjago: Nindroids
0%
2012 Lego Ninjago: Rise of the Snakes
0%
2019 Lego Star Wars Battles
0%
2021 Lego Star Wars: Castaways
0%
2006 Lego Star Wars II: The Original Trilogy
0%
2014 Lego Star Wars: Microfighters
0%
2007 Lego Star Wars: The Complete Saga
0%
2022 Lego Star Wars: The Skywalker Saga
0%
2014 Lego The Hobbit
0%
2018 Lego The Incredibles
0%
2012 Lego The Lord of the Rings
0%
2006 Lego World Soccer
0%
2017 The Lego Batman Movie Game
0%
2019 The Lego Movie 2 Videogame
0%
2017 The Lego Ninjago Movie Video Game
0%
No matching quizzes found
Score Distribution
Percent of People with Each Score
Percentile by Number Answered
Your Score History
You have not taken this quiz since the last reset